Syndikovaná banková záruka ako inštitút zabezpečenia obchodných záväzkov vo veľkých stavebných projektoch diplomová práca

Saved in:
Bibliographic Details
Main Author: Vasiľová, Dominika, 1985-
Corporate Author: Obchodná fakulta EU. Katedra obchodného práva
Other Authors: Sabo, Mikuláš
Format: Book
Language:Slovak
Published: Bratislava 2009
Tags: Add Tag
No Tags, Be the first to tag this record!

MARC

LEADER 00000nam$a2200000$$$4500
001 0101263
005 20240320075438.8
041 0 |a slo 
044 |a SK 
245 1 0 |a Syndikovaná banková záruka ako inštitút zabezpečenia obchodných záväzkov vo veľkých stavebných projektoch  |b diplomová práca  |c Dominika Vasiľová ; škol. Mikuláš Sabo 
264 1 |a Bratislava  |c 2009 
300 |a 118 s. 
100 1 |a Vasiľová, Dominika, 1985- 
700 1 |a Sabo, Mikuláš 
710 2 |a Obchodná fakulta EU. Katedra obchodného práva